Welcome to CU Library Online Public Access Catalogue (OPAC)

Modern Real Estate Practice (Record no. 4696)

MARC details
000 -LEADER
fixed length control field 00480nam a22001697a 4500
005 - DATE AND TIME OF LATEST TRANSACTION
control field 20250311212310.0
008 - FIXED-LENGTH DATA ELEMENTS--GENERAL INFORMATION
fixed length control field 250311b |||||||| |||| 00| 0 eng d
050 ## - LIBRARY OF CONGRESS CALL NUMBER
Classification number KF0126
Item number G35
100 ## - MAIN ENTRY--PERSONAL NAME
Personal name Galaty, Fillmore W.
245 ## - TITLE STATEMENT
Title Modern Real Estate Practice
Statement of responsibility, etc. Galaty, Fillmore W.
250 ## - EDITION STATEMENT
Edition statement 9th ed.
260 ## - PUBLICATION, DISTRIBUTION, ETC.
Place of publication, distribution, etc. Chicago ;
Name of publisher, distributor, etc. Real Estate Education Company
Date of publication, distribution, etc. 1982
300 ## - PHYSICAL DESCRIPTION
Extent xix, 441 p. ;
500 ## - GENERAL NOTE
General note Includes index
700 ## - ADDED ENTRY--PERSONAL NAME
Personal name Allaway, Wellington J.
942 ## - ADDED ENTRY ELEMENTS (KOHA)
Source of classification or shelving scheme Library of Congress Classification
Koha item type Books
Suppress in OPAC No
999 ## -
-- 4696
-- 4696
Holdings
Withdrawn status Lost status Source of classification or shelving scheme Damaged status Not for loan Collection Home library Current library Shelving location Date acquired Total checkouts Full call number Barcode Date last seen Copy number Price effective from Koha item type
    Library of Congress Classification     Non-fiction Law Library (Christ Temple) Law Library (Christ Temple) General stacks 03/11/2025   KF0126.G35 GAL LLCT00000395 03/11/2025 1 03/11/2025 Books
© 2023-2024 Copyright: Central University Libraries. All Rights Reserved | Created by: Mahone Tech Office